000 00285nam a22001337a 4500
008 170809b xxu||||| |||| 00| 0 eng d
020 _a9780201727876
041 _aeng
080 _a004
100 _a35
101 _aSHKI
245 _aPHP FOR THE WWW
_cULLMAN, L
942 _2udc
_cBK
999 _c23016
_d23016